000 00513cam a22001457a 4500
008 180718b1983 xxu||||| |||| 00| 0 eng d
082 _aI5 In8a
100 _aSharma, S.K., et. al.
245 _aAdministration: decision-making and morale: a panel report
_cby S.K. Sharma et. al.
260 _aOxford
_bThe Meeting
_c1983
300 _a41p.
650 _aDecision Making
650 _aManagement
700 _aInternational Society of Political Psychology, Oxford. Sixth Annual Scientific Meeting, July 19-22, 1983
999 _c480120
_d480120